Personal and Human Resource Management (Record no. 778)

MARC details
000 -LEADER
fixed length control field 00437nam a22001697a 4500
005 - DATE AND TIME OF LATEST TRANSACTION
control field 20180809144709.0
008 - FIXED-LENGTH DATA ELEMENTS--GENERAL INFORMATION
fixed length control field 160513b xxu||||| |||| 00| 0 eng d
020 ## - INTERNATIONAL STANDARD BOOK NUMBER
ISBN 81-7493-777-3
041 ## - LANGUAGE CODE
Language code of text/sound track or separate title eng
082 ## - DEWEY DECIMAL CLASSIFICATION NUMBER
Item number 2130
Classification number 658.3
100 ## - MAIN ENTRY--AUTHOR NAME
Personal name Rao, P. Subha
245 ## - TITLE STATEMENT
Title Personal and Human Resource Management
260 ## - PUBLICATION, DISTRIBUTION, ETC. (IMPRINT)
Place of publication New Delhi
Name of publisher Himalaya Publishing House,
Year of publication 2000
300 ## - PHYSICAL DESCRIPTION
Number of Pages 472p,
650 ## - SUBJECT ADDED ENTRY--TOPICAL TERM
Topical Term Management
942 ## - ADDED ENTRY ELEMENTS (KOHA)
Koha item type Books
Holdings
Lost status Damaged status Collection code Home library Current library Shelving location Date acquired Cost, normal purchase price Full call number Accession Number Koha item type
    Reference JRU Library   SHELF-30-G 13/05/2016 225.00 658.3 2130 Books
    MANAGEMENT JRU Library JRU Library SHELF-62 -C 13/05/2016 225.00 658.3 2131 Books
    MANAGEMENT JRU Library   SHELF-62 -C 13/05/2016 225.00 658.3 2132 Books